National Anthem of Türkiye (Turkey) (Full Lyrics) - İstiklal Marşi - Statistics

General Stats
  • This quiz has been taken 2 times
  • The average score is 88 of 250
Answer Stats
Lyrics % Correct
al
100%
ancak.
100%
ancak
100%
Ben
100%
beni
100%
benim
100%
Benim
100%
benimdir,
100%
bin
100%
bu
100%
Bu
100%
en
100%
Korkma!
100%
korkma!
100%
milletimin
100%
milletimindir
100%
O
100%
o
100%
ocak.
100%
şafaklar
100%
şafaklarda
100%
sancak,
100%
sen
100%
son
100%
Sönmeden
100%
Sönmez
100%
tüten
100%
üstünde
100%
yıldızıdır,
100%
yurdumun
100%
yüzen
100%
altındaki
50%
bana
50%
Bastıǧın
50%
binlerce
50%
bir
50%
bütün
50%
canavar?
50%
Canı,
50%
Çatma,
50%
çehreni
50%
celal?
50%
çelik
50%
çılgın
50%
da
50%
dişi
50%
diyerek
50%
dökülen
50%
Düşün
50%
duvar,
50%
ey
50%
feda?
50%
Garbın
50%
geçme,
50%
gül;
50%
Hakk’a
50%
Hakk'a
50%
Hakkıdır,
50%
Hangi
50%
helal...
50%
helal.
50%
hepsi
50%
hilal!
50%
hür
50%
hürriyet;
50%
ırkıma
50%
istiklal!
50%
izmihlal.
50%
Kahraman
50%
kalmış
50%
kanlarımın
50%
kanlarımız
50%
ki
50%
Kim
50%
kurban
50%
nazlı
50%
ne
50%
olayım,
50%
olmaz
50%
Olsun
50%
Sana
50%
sana
50%
şanlı
50%
Şaşarım!
50%
şiddet,
50%
tanı,
50%
tapan
50%
tek
50%
topraǧı
50%
"toprak"
50%
vuracakmış?
50%
yaşarım,
50%
yatanı.
50%
yerleri
50%
yok,
50%
yok
50%
Yurduma
50%
zincir
50%
zırhlı
50%
afakını
0%
akın.
0%
alçakları
0%
alsan
0%
alsın
0%
Arkadaş!
0%
arşa
0%
artık
0%
aşarım,
0%
başım.
0%
bayraǧımın
0%
belki
0%
bendimi
0%
beridir
0%
bilir,
0%
boǧar,
0%
boşanıp
0%
böyle
0%
cananı,
0%
cennet
0%
cerihamdan,
0%
çiǧner,
0%
cüda.
0%
daǧları,
0%
Dalgalan
0%
de
0%
dediǧin
0%
deǧer
0%
Deǧmesin
0%
dinin
0%
Doǧacaktır
0%
dolu
0%
dünyada
0%
dünyaları
0%
dursun
0%
Ebedî,
0%
Ebediyen
0%
eder,
0%
eli.
0%
emeli:
0%
enginlere
0%
et
0%
Etmesin
0%
ezanlar,
0%
ezelden
0%
fışkıracak,
0%
Fışkırır
0%
gibi
0%
gibiyim,
0%
göǧsüm
0%
göǧsüne
0%
gövdeni,
0%
günler
0%
Hakk'ın,
0%
hayâsızca
0%
Her
0%
Hüda,
0%
İlahî,
0%
ile
0%
iman
0%
imanı
0%
inlemeli.
0%
kanlı
0%
kefensiz
0%
Kükremiş
0%
mabedimin
0%
"Medeniyet"
0%
naaşım,
0%
namahrem
0%
Nasıl
0%
parlayack;
0%
ruhumücerret
0%
Ruhumun
0%
sakın,
0%
sarmışsa
0%
secde
0%
şehadetleri
0%
sel
0%
senden
0%
serhaddim
0%
sıǧmam,
0%
sıksan
0%
Siper
0%
sonra
0%
şudur
0%
Şüheda
0%
şüheda!
0%
taşarım.
0%
taşım,
0%
temeli,
0%
uǧratma
0%
uǧruna
0%
Ulusun,
0%
vadettiǧi
0%
var.
0%
varımı
0%
varsa
0%
vatanı.
0%
vatanımdan
0%
vatanın
0%
vecd
0%
Verme,
0%
yakın.
0%
yarın
0%
yarından
0%
yaşadım,
0%
yaşamış
0%
yaşım,
0%
yerden
0%
Yırtarım
0%
yükselerek
0%
zaman
0%
No matching quizzes found
Score Distribution
Percent of People with Each Score
Percentile by Number Answered
Your Score History
You have not taken this quiz